| 000 | 00517nam a2200181Ia 4500 | ||
|---|---|---|---|
| 999 |
_c14527 _d14527 |
||
| 003 | OSt | ||
| 005 | 20201110115105.0 | ||
| 008 | 190216s9999||||xx |||||||||||||| ||und|| | ||
| 020 | _a044661288 | ||
| 040 | _coclc | ||
| 082 |
_a813.54 _bLET/H |
||
| 100 |
_a Letts, Billie _96227 |
||
| 245 | 4 |
_aThe Honk And Holler Opening Soon / _cBillie Letts |
|
| 260 |
_bWarner Books, _c2004. _aNew york: |
||
| 300 | _a372p | ||
| 650 | _aEnglish-Biography | ||
| 942 |
_cBK _2ddc _h813.54 _iLET/H _k813.54 _mLET/H |
||